000 00494nam a22001577a 4500
003 OSt
008 260429b |||||||| |||| 00| 0 eng d
082 _a635
_bG39E
100 _aGirapu, Rajnish Kumar
245 _aEffect of Different Levels of Nitrogen and Spacing on Growth, Yield and Quality of Cape-Gooseberry (Physalis Peruviana L.) Gaya Local
260 _aPusa, Samastipur
_bRAU
_c2004
300 _a63P.
502 _bMsc.
_d2004
650 _aFruit & Fruit Technology
942 _2ddc
_cT
999 _c50269
_d50269